| 000 | 00827nam a2200253 a 4500 | ||
|---|---|---|---|
| 001 | 680 | ||
| 003 | BR-CuiBMT | ||
| 005 | 20231120051705.0 | ||
| 008 | 231107s2014 baba 000 0 por d | ||
| 020 | _a8544200796 | ||
| 040 |
_aBR-CuiBMT _cBR-CuiBMT |
||
| 080 |
_22007 _a34:336.2 _x(079.1) |
||
| 090 |
_a34:336.2(079.1) _bA923d |
||
| 100 | 1 | _aAugusto Junior, Antônio | |
| 245 | 1 | 0 |
_aDireito tributário : _bem provas discursivas / _cAntônio Augusto Jr. |
| 260 |
_aSalvador : _bJusPODIVM, _c2014. |
||
| 300 |
_a322 p. : _bil. ; _c23 cm |
||
| 490 | 1 | _aColeção provas discursivas respondidas e comentadas | |
| 504 | _aInclui bibliografia. | ||
| 650 |
_aDireito tributário _zBrasil |
||
| 650 |
_aDireito tributário _vProblemas, exercícios, etc |
||
| 830 | 0 | _aProvas discursivas , respondidas e comentadas | |
| 942 |
_2udc _cLV |
||
| 999 |
_c680 _d680 |
||